Management : (Record no. 3345)
[ view plain ]
| 000 -LEADER | |
|---|---|
| fixed length control field | 01633pam a2200181 a 4500 |
| 020 ## - INTERNATIONAL STANDARD BOOK NUMBER | |
| ISBN | 0256125414 |
| 050 00 - CALL NUMBER | |
| Classification number | HD31 |
| Item number | .R797 |
| 100 1# - AUTHOR | |
| Personal name | Rue, Leslie W. |
| 245 10 - TITLE | |
| Title | Management : |
| Remainder of title | skills and application / |
| Statement of responsibility, etc | Leslie W. Rue, Lloyd L. Byars. |
| 250 ## - EDITION | |
| Edition statement | 7th ed. |
| 260 ## - PUBLICATION INFORMATION | |
| Place of publication | Chicago : |
| Name of publisher | Irwin, |
| Year of publication | 1995. |
| 300 ## - DESCRIPTION | |
| Number of Pages | xix, 582 p. : |
| Other physical details | ill. (some col.) ; |
| Dimensions | 27 cm. |
| 500 ## - NOTES | |
| General note | Includes bibliographical references and indexes. |
| 505 ## - FORMATTED CONTENTS NOTE | |
| Table of Content | Part 1: Foundations --<br/>Chapter 1. Management in a diverse workplace --<br/>Chapter 2. The management movement --<br/>Chapter 3. Developing communication skills --<br/>Chapter 4. Decision-making skills --<br/><br/>Section 2: Contemporary issues --<br/>Chapter 5. International business --<br/>Chapter 6. Ethical, social, and legal responsibilities of management --<br/><br/><br/>Section 3: Planning skills --<br/>Chapter 7. The basics of planning and strategic management --<br/>Chapter 8. Operations management and planning --<br/><br/>Section 4: Organizing and staffing skills --<br/>Chapter 10. Organizing work --<br/>Chapter 11. Organizing structure --<br/>Chapter 12. work groups and teams --<br/>Chapter 13. Staffing --<br/>Chapter 14. Developing employees and managers --<br/><br/>Section 5: Directing skills --<br/>Chapter 15. Motivating employees --<br/>Chapter 16. Developing leadership skills --<br/>Chapter 17. Managing conflict and stress --<br/>Chapter 18. Managing change and culture --<br/><br/><br/>Section 6: Controlling skills --<br/>Chapter 19. Controlling --<br/>Chapter 20. Appraising and rewarding performance --<br/>Chapter 21. Operations control.<br/>Chapter 22. Management Information Systems |
| 650 #0 - SUBJECTS | |
| Topical Term | Management. |
| 700 1# - OTHER AUTHORS | |
| Personal name | Byars, Lloyd L. |
| 942 ## - ADDED ENTRY ELEMENTS (KOHA) | |
| Koha item type | Books |
| Withdrawn status | Lost status | Home library | Current library | Shelving location | Date acquired | Full call number | Accession Number | Koha item type |
|---|---|---|---|---|---|---|---|---|
| Methodist University Library Main | Methodist University Library Main | General Stacks | 16/09/2000 | HD31 .R797 | 10190 | Books | ||
| Methodist University Library Main | Methodist University Library Main | General Stacks | 16/09/2000 | HD31 .R797 | 10191 | Books |